000 00844nam a2200181 4500
008 171213b xxu||||| |||| 00| 0 eng d
020 _a0941281779
082 _21990
_aDC 808.0688
_bW42
100 _925090
_aWeisberg, Valerie Hannah, author.
245 _aStudents'discourse :
_bcomprehensive examples and explanations of all expository modes and argument, précis, narrative, examination writing and MLA recommendations for research paper documentation /
_cValerie Hannah Weisberg; George H Herrick.
260 _aSanta Barbara, CA :
_bVHW Pub.,
_c©1990.
300 _a125 pages ;
_c23 cm
500 _aIncludes bibliographical references.
650 0 _925092
_aEnglish language.
_vRhetoric
_xStudy and teaching.
650 0 _925093
_a Report writing
_xStudy and teaching
700 _925094
_aHerrick, George H., author.
942 _2ddc
_cDC
999 _c8109
_d8109